|
|
|
|
| LEADER |
00000nab a2200000 a 4500 |
| 001 |
vtls010713561 |
| 003 |
SK-MaSNL |
| 005 |
20260304191327.0 |
| 008 |
250709s1999 xo |||||||||||||||||slo| |
| 035 |
|
|
|a (urnnbn)urn:nbn:sk:snk:ar-a04axb
|
| 035 |
|
|
|a (uuid)51e51a3d-9891-48dd-a9d6-ff44758ddaa8
|
| 035 |
|
|
|a urn:nbn:sk:snk-ab3g87
|
| 040 |
|
|
|a SNKBUCL
|b slo
|c SNKBUCL
|e AACR2
|
| 041 |
0 |
|
|a eng
|
| 044 |
|
|
|a xo
|c SK
|
| 100 |
1 |
|
|a Ivanyuk, F. A.
|4 aut
|9 1523823
|
| 245 |
1 |
0 |
|a THE TRANSPORT COEFFICIENTS FOR FUSION-FISSION REACTIONS
|c F. A. Ivanyuk
|
| 773 |
0 |
|
|t Acta Physica Slovaca : fyzikálny časopis
|g Roč. 49, č. 1 (1999), s. 53-58
|
| 850 |
|
|
|a Slovenská národná knižnica
|
| 852 |
|
|
|a Slovenská národná knižnica
|
| 958 |
|
|
|a article1
|
| 958 |
|
|
|a OND
|
| 958 |
|
|
|a EUIPO
|
| 999 |
|
|
|c 3053513
|d 3055443
|